<?xml version="1.0" encoding="UTF-8"?><?xml-stylesheet type="text/xsl" href="static/style.xsl"?><OAI-PMH xmlns="http://www.openarchives.org/OAI/2.0/" xmlns:xsi="http://www.w3.org/2001/XMLSchema-instance" xsi:schemaLocation="http://www.openarchives.org/OAI/2.0/ http://www.openarchives.org/OAI/2.0/OAI-PMH.xsd"><responseDate>2026-04-17T05:37:08Z</responseDate><request verb="GetRecord" identifier="oai:www.recercat.cat:20.500.12328/5152" metadataPrefix="marc">https://recercat.cat/oai/request</request><GetRecord><record><header><identifier>oai:recercat.cat:20.500.12328/5152</identifier><datestamp>2025-12-05T14:49:58Z</datestamp><setSpec>com_2072_67741</setSpec><setSpec>col_2072_484352</setSpec></header><metadata><record xmlns="http://www.loc.gov/MARC21/slim" xmlns:dcterms="http://purl.org/dc/terms/" xmlns:xsi="http://www.w3.org/2001/XMLSchema-instance" xmlns:doc="http://www.lyncode.com/xoai" xsi:schemaLocation="http://www.loc.gov/MARC21/slim http://www.loc.gov/standards/marcxml/schema/MARC21slim.xsd">
   <leader>00925njm 22002777a 4500</leader>
   <datafield ind2=" " ind1=" " tag="042">
      <subfield code="a">dc</subfield>
   </datafield>
   <datafield ind2=" " ind1=" " tag="720">
      <subfield code="a">Regadera, Elisa</subfield>
      <subfield code="e">author</subfield>
   </datafield>
   <datafield ind2=" " ind1=" " tag="260">
      <subfield code="c">2023-06-30</subfield>
   </datafield>
   <datafield ind2=" " ind1=" " tag="520">
      <subfield code="a">La comunicación que las marcas de moda realizan sobre la sostenibilidad está hoy más cuestionada que  nunca.  La  nueva  propuesta  de  directiva  de  la  Comisión  Europea  -Green  Claims  Directive-,  marcará  un  antes y un después para muchas compañías, pues pretende  alertar  sobre  diversas  prácticas  comunicativas  que confunden al consumidor, incluyendo las etiquetas: “mostrar una etiqueta sostenible que no esté basada en una certificación o no esté establecida por autoridades públicas,  constituye  una  práctica  de  competencia  des-leal en todas las circunstancias”. En este artículo analizaremos la comunicación de la sostenibilidad realizada por Inditex -en concreto, sobre  su  colección  Join  Life  distinguida  como  la  más  sostenible-, tanto en su Política de Sostenibilidad y Hoja de Ruta, como en las nueve tiendas físicas de ZARA Barcelona  (2022),  precisamente  un  año  antes  de  que  Inditex  haya  eliminado  la  etiqueta  del  mercado.  Hemos  utilizado el método del Case Study, integrando: análisis de textos (Política de Sostenibilidad y Hoja de Ruta); estudio descriptivo de las tiendas físicas, incluyendo breve entrevista a los empleados; análisis del contenido de las etiquetas de las prendas en tienda; y finalmente, análisis del contenido de la ficha de producto de esas prendas en la web. Aunque  se  trata  de  una  certificación  recién  suprimida  por Inditex (marzo 2023), pensamos que las conclusiones obtenidas en este estudio pueden contribuir a una mejora en la gestión de la comunicación de la sostenibilidad por parte de las marcas de moda.</subfield>
   </datafield>
   <datafield ind1="8" ind2=" " tag="024">
      <subfield code="a">Regadera González, Elisa. La comunicación de la colección Join Life (2022) en tiendas físicas de Zara Barcelona, etiquetas y ficha de producto web. Revista Panamericana de comunicación, 2023, 5(1), páginas 32-50. Disponible en &lt;https://revistas.up.edu.mx/rpc/article/view/2865>. Fecha de acceso: 04 dic. 2025. DOI: 10.21555/rpc.v5i1.2865</subfield>
   </datafield>
   <datafield ind1="8" ind2=" " tag="024">
      <subfield code="a">2683-2208</subfield>
   </datafield>
   <datafield ind1="8" ind2=" " tag="024">
      <subfield code="a">http://hdl.handle.net/20.500.12328/5152</subfield>
   </datafield>
   <datafield ind1="8" ind2=" " tag="024">
      <subfield code="a">https://doi.org/10.21555/rpc.v5i1.2865</subfield>
   </datafield>
   <datafield tag="653" ind2=" " ind1=" ">
      <subfield code="a">Sostenibilidad</subfield>
   </datafield>
   <datafield tag="653" ind2=" " ind1=" ">
      <subfield code="a">Moda</subfield>
   </datafield>
   <datafield tag="653" ind2=" " ind1=" ">
      <subfield code="a">Rápida</subfield>
   </datafield>
   <datafield tag="653" ind2=" " ind1=" ">
      <subfield code="a">Comunicación</subfield>
   </datafield>
   <datafield tag="653" ind2=" " ind1=" ">
      <subfield code="a">Eco blanqueo</subfield>
   </datafield>
   <datafield tag="653" ind2=" " ind1=" ">
      <subfield code="a">Zara</subfield>
   </datafield>
   <datafield tag="653" ind2=" " ind1=" ">
      <subfield code="a">Join life</subfield>
   </datafield>
   <datafield tag="653" ind2=" " ind1=" ">
      <subfield code="a">Sustainability</subfield>
   </datafield>
   <datafield tag="653" ind2=" " ind1=" ">
      <subfield code="a">Fast fashion</subfield>
   </datafield>
   <datafield tag="653" ind2=" " ind1=" ">
      <subfield code="a">Communication</subfield>
   </datafield>
   <datafield tag="653" ind2=" " ind1=" ">
      <subfield code="a">Greenwashing</subfield>
   </datafield>
   <datafield tag="653" ind2=" " ind1=" ">
      <subfield code="a">Sostenibilitat</subfield>
   </datafield>
   <datafield tag="653" ind2=" " ind1=" ">
      <subfield code="a">Ràpida</subfield>
   </datafield>
   <datafield tag="653" ind2=" " ind1=" ">
      <subfield code="a">Comunicació</subfield>
   </datafield>
   <datafield tag="653" ind2=" " ind1=" ">
      <subfield code="a">Eco blanqueig</subfield>
   </datafield>
   <datafield ind2="0" ind1="0" tag="245">
      <subfield code="a">La comunicación de la colección Join Life (2022) en tiendas físicas de Zara Barcelona, etiquetas y ficha de producto web</subfield>
   </datafield>
</record></metadata></record></GetRecord></OAI-PMH>